Notas /
Wedi'i Gadw mewn:
| Prif Awdur: | |
|---|---|
| Fformat: | Electronig eLyfr |
| Iaith: | Sbaeneg |
| Cyhoeddwyd: |
Madrid :
Ediciones Complutense,
[2020]
|
| Rhifyn: | Primera edición. |
| Pynciau: | |
| Mynediad Ar-lein: | Digitalia Hispánica |
| Tagiau: |
Ychwanegu Tag
Dim Tagiau, Byddwch y cyntaf i dagio'r cofnod hwn!
|
MARC
| LEADER | 00000nam a2200000Ii 4500 | ||
|---|---|---|---|
| 001 | DIGCOMPLT0025 | ||
| 003 | NyNyDIG | ||
| 006 | m o d | ||
| 007 | cr ||||||||||| | ||
| 008 | 230413s2020 sp o 000 p spa d | ||
| 035 | |a (OCoLC)1377520908 | ||
| 040 | |a DGITA |b eng |e rda |e pn |c DGITA | ||
| 020 | |a 9788466936897 |q pdf | ||
| 020 | |z 9788466936880 | ||
| 050 | 1 | 4 | |a PQ6716.U96 ebook |
| 100 | 1 | |a Puyol, Irene, |d 1995- |e author. | |
| 245 | 1 | 0 | |a Notas / |c Irene Puyol. |
| 250 | |a Primera edición. | ||
| 264 | 1 | |a Madrid : |b Ediciones Complutense, |c [2020] | |
| 300 | |a 1 online resource. | ||
| 336 | |a text |b txt |2 rdacontent | ||
| 337 | |a computer |b c |2 rdamedia | ||
| 338 | |a online resource |b cr |2 rdacarrier | ||
| 347 | |a text file |2 rdaft | ||
| 347 | |b PDF | ||
| 586 | |a Premio Complutense de Literatura, 2019 | ||
| 588 | 0 | |a Online resource; title from PDF title page (Digitalia, viewed April 13, 2023) | |
| 655 | 7 | |a Poetry. |2 lcgft | |
| 791 | 2 | |a Digitalia (Firm), |e distributor. | |
| 793 | 0 | |g Digitalia eBook Collection: |a Ediciones Complutense | |
| 776 | 0 | 8 | |i Print version: |a Puyol, Irene, 1995- |t Notas. |b Primera edición. |d Madrid : Ediciones Complutense, [2020] |z 9788466936880 |
| 856 | 4 | 0 | |3 Digitalia Hispánica |u https://digitalia.unach.elogim.com/a/125661/ |
| 910 | |a Premium collection: 2023 | ||